000 00582nam a2200241Ia 4500
003 OSt
005 20220924141041.0
006 a|||||r|||| 00| 0
007 ta
008 220923b |||||||| |||| 00| 0 ben d
020 _a817066098X
024 _a296962
037 _cTextual
040 _aARTS
_cARTS
_bben
041 _2ben
_aben
082 _aO157,3N36x, M7
100 _aGuha
245 0 _aBuddhadev gnhar chhotogalpo
260 _c1987
650 _aBENGALI LITERATURE
942 _hO157,3N36x, M7
_cTEXL
_2CC
999 _c446056
_d446056